000 00330nam a22001337a 4500
008 171011b xxu||||| |||| 00| 0 eng d
020 _a9780801838439
041 _aeng
080 _a316
100 _a50
101 _aSOC
245 _aHANDBOOK FOR ACHIEVING SEX EAUITY THROUGH EDUCATION
_cKLEIN.S.S
942 _2udc
_cBK
999 _c33148
_d33148